[Event "Madrid ch - Previa A"]
[Site "Madrid ESP"]
[Date "2007.11.24"]
[Round "9.18"]
[White "González Ayuso, Gonzalo"]
[Black "Mosteiro Montoro, Álvaro"]
[Result "0-1"]
[WhiteElo "1821"]
[BlackElo "1870"]
[PlyCount "82"]
[EventDate "2007.11.01"]
[EventType "swiss"]
[EventRounds "9"]
[EventCountry "ESP"]
[Source "lmi"]
[SourceDate "2007.11.01"]

1. d4 d5 2. c4 Nf6 3. Nc3 c6 4. Nf3 g6 5. e3 Bg7 6. cxd5 cxd5 7. Bb5+ Bd7 8.
Qb3 Bc6 9. O-O O-O 10. Re1 e6 11. Bxc6 bxc6 12. Qb7 Nbd7 13. Qxc6 Nb6 14. Qb5
Nc4 15. Qb3 Rb8 16. Qc2 Qa5 17. b3 Na3 18. Bxa3 Qxa3 19. Ne5 Rfc8 20. Qc1 Qb4
21. Nd3 Qxc3 22. Qxc3 Rxc3 23. Nc5 Bf8 24. Rec1 Rxc1+ 25. Rxc1 Rc8 26. Kf1 Ne4
27. b4 Nd2+ 28. Ke2 Nc4 29. Rc2 a5 30. b5 Bxc5 31. dxc5 Rxc5 32. a4 Rc8 33. Kd3
Kf8 34. Kd4 Ke7 35. e4 Kd6 36. Rc3 e5+ 37. Kd3 Nb2+ 38. Kc2 Rxc3+ 39. Kxc3
Nxa4+ 40. Kb3 Nb6 41. exd5 Kxd5 0-1